000 00426nam a22001577a 4500
005 20251108164132.0
008 250721s1994 xx 000 0 ara d
082 1 4 _a041/أني
100 1 _aمنصور، أنيس
245 1 0 _aكيمياء الفضيحة /
264 1 _aالقاهرة :
_bدار الشروق،
_c1994.
300 _a207ص
650 1 7 _aالمقالات العربية
942 _2ddc
_cBK
999 _c4509
_d4509